Culture Générale - Série 2354 - Statistiques

Statistiques générales
  • Ce quiz a été pris 99 fois
  • Le résultat moyen est 4 sur 10
Statistiques - réponses
Question Réponse % Correct
Dans quelle ville française eut lieu la révolte des canuts en 1831 puis 1834 et 1848 ? Lyon
84%
Dans l'art de la peinture, comment appelle-t-on familièrement un mauvais tableau ? croûte
60%
Sous quel nom connaissait-on mieux André Raimbourg (1917-1970) ? Bourvil
59%
Quelle salle de spectacle parisienne est située 50 Bd Voltaire dans le 11° arrondissement ? Bataclan
51%
Quelle est la spécialité de Cancale (35) ? huître
50%
Poisson volant ou missile exocet
40%
Quelle actrice interprète "Agathe Bordeaux" dans le film "Alexandre le bienheureux réalisé par Yves Robert en 1968 ?- prénom et nom - voir photo Marlène Jobert
20%
De quel pays européen le "tolar" est-il l'ancienne devise monétaire ? Slovénie
20%
Familier. Charger quelque chose d'ornements trop recherchés et d'un goût discutable - 12 lettres commençant par " t " tarabiscoter
13%
Homme qui vit d'escroqueries, de procédés indélicats - 8 lettres commençant par " a " aigrefin
9%
Aucun quiz correspondant
Distribution des résultats
% des personnes avec chaque résultat
Percentile par nombre de réponses
Votre historique - résultats
Vous n’avez pas pris ce quiz